| 000 | 00920nam a22002897a 4500 | ||
|---|---|---|---|
| 001 | BR8006382 | ||
| 003 | BR-BrBNA | ||
| 005 | 20230928090805.0 | ||
| 007 | ta | ||
| 008 | 230509b bl.||||| |||| 00| 0 por d | ||
| 040 |
_aBR-BrBNA _bpor _cBiblioteca Nacional de Agricultura |
||
| 041 | _a(Por) | ||
| 072 |
_aK10; K20 _b/G514 |
||
| 090 | _ K10 BR8006382 | ||
| 110 | 1 |
_aSecretaria do Planejamento, Ciencia e Tecnologia, Salvador, BA (Brasil). Centro de Planejamento da Bahia _99095 |
|
| 245 | 1 |
_aReflorestamento na Bahia [floresta, politica florestal, Bahia, Brasil] _bInforme preliminar |
|
| 260 | 3 |
_aSalvador, BA (Brasil): _c1980. |
|
| 300 | _a17 p. | ||
| 500 | _a7 tables; 5 Maps, scale 1:500,000 | ||
| 650 | _aREFLORESTAMENTO | ||
| 650 | _aADMINISTRACAO FLORESTAL | ||
| 650 | _aPOLITICA FLORESTAL | ||
| 650 | _aREGIAO NORDESTE | ||
| 650 | _aBAHIA | ||
| 909 |
_a202309 _bLucia _c55 _dLucia Elande |
||
| 942 | _cBK | ||
| 999 |
_c30548 _d30548 |
||